| 000 | 00852cam a22002651 4500 | ||
|---|---|---|---|
| 999 |
_c18531 _d18531 |
||
| 001 | 8946558 | ||
| 003 | BDDh-ASL | ||
| 005 | 20231015025719.0 | ||
| 008 | 720707s1967 ii 000 0 eng | ||
| 010 | _asa 67001846 | ||
| 035 | _a(OCoLC)350733 | ||
| 040 |
_aDLC _cOAkU _dBDDh-ASL |
||
| 042 | _apremarc | ||
| 050 | 0 | 0 |
_aDS479 _b.G7 |
| 082 |
_a954 _bGRD |
||
| 100 | 1 | _aGrover, B. L. | |
| 245 | 1 | 2 |
_aA documentary study of British policy towards Indian nationalism, 1885-1909/ _c[by] B. L. Grover. Foreword [by] Humayun Kabir. Introd. [by] Bisheshwar Prasad. |
| 260 |
_a[Delhi] _bNational Publications _c[1967] |
||
| 300 |
_axxv, 295 p. _c23 cm. |
||
| 504 | _aBibliographical footnotes. | ||
| 650 | 0 |
_aNationalism _zIndia. |
|
| 651 | 0 |
_aIndia _xHistory _y19th century. |
|
| 906 |
_a7 _bcbc _coclcrpl _du _encip _f19 _gy-gencatlg |
||
| 942 |
_2ddc _cBK |
||